000 00485nam a2200157 a 4500
001 BRCA_1285
005 20190320203348.0
008 200508s----1985cu-a---###---#000-0#spa-#
050 4 _aNK2474
_b.O94 1985
100 1 _aOtero de Armas, Elena
_94218
245 1 0 _aEl juego de sala en la Cuba republicana
_cElena Otero de Armas.
260 _aLa Habana
_bGente Nueva
_c1985
300 _a69 p.
_bil. blanco y negro
_c21 cm.
650 1 4 _aMueble de sala
_ySiglo XX
_zCuba
_94219
942 _2lcc
_cB
999 _c1154
_d1154